<?xml version="1.0" encoding="UTF-8"?>
<record
    xmlns:xsi="http://www.w3.org/2001/XMLSchema-instance"
    xsi:schemaLocation="http://www.loc.gov/MARC21/slim http://www.loc.gov/standards/marcxml/schema/MARC21slim.xsd"
    xmlns="http://www.loc.gov/MARC21/slim">

  <leader>01156nam a2200205 a 4500</leader>
  <controlfield tag="001">000044393</controlfield>
  <controlfield tag="005">20201002045337.0</controlfield>
  <controlfield tag="008">140627s2009    dr a          000 0 spa d</controlfield>
  <datafield tag="040" ind1=" " ind2=" ">
    <subfield code="a">DO-SdBNP</subfield>
    <subfield code="b">spa</subfield>
    <subfield code="c">BNPHU</subfield>
  </datafield>
  <datafield tag="082" ind1=" " ind2=" ">
    <subfield code="a">xxxx</subfield>
    <subfield code="b">xxxx</subfield>
  </datafield>
  <datafield tag="245" ind1="0" ind2="0">
    <subfield code="a">Cuentos de la reserva de la bi&#xF3;sfera :</subfield>
    <subfield code="b">Jaragua, Bahoruco, Enriquillo /</subfield>
    <subfield code="c">Mar&#xED;a Amalia Le&#xF3;n; Mar&#xED;a Teresa Ruiz de Catrain; Natacha Calder&#xF3;n Cabral ; ilustraciones Tania Marmolejo.</subfield>
  </datafield>
  <datafield tag="260" ind1=" " ind2=" ">
    <subfield code="a">Santo Domingo :</subfield>
    <subfield code="b">Propagas,</subfield>
    <subfield code="c">2009.</subfield>
  </datafield>
  <datafield tag="300" ind1=" " ind2=" ">
    <subfield code="a">[32, 36, 36] p. :</subfield>
    <subfield code="b">il. + CD ;</subfield>
    <subfield code="c">21 cm.</subfield>
  </datafield>
  <datafield tag="505" ind1="0" ind2=" ">
    <subfield code="t">Contiene : Cuando el viento habla... /</subfield>
    <subfield code="r">Mar&#xED;a Amalia Le&#xF3;n</subfield>
    <subfield code="t">&#xA1;Es la tierra m&#xE1;s hermosa que ojos jam&#xE1;s hayan visto!</subfield>
    <subfield code="r">Mar&#xED;a Teresa Ruiz de Catrain /</subfield>
    <subfield code="t">Tambor y misterio al pi&#xE9; del guayacan /</subfield>
    <subfield code="r">Natacha Calder&#xF3;n Cabral</subfield>
  </datafield>
  <datafield tag="563" ind1=" " ind2=" ">
    <subfield code="a">Tres obras publicadas juntas con paginaci&#xF3;n independientes</subfield>
  </datafield>
  <datafield tag="700" ind1="1" ind2="2">
    <subfield code="a">Cuando el viento habla...</subfield>
    <subfield code="t">Le&#xF3;n, Mar&#xED;a Amalia</subfield>
    <subfield code="9">72402</subfield>
  </datafield>
  <datafield tag="700" ind1="1" ind2="2">
    <subfield code="a">Ruiz de Catrain, Mar&#xED;a Teresa</subfield>
    <subfield code="t">&#xA1;Es la tierra m&#xE1;s hermosa que ojos jam&#xE1;s hayan visto!</subfield>
    <subfield code="9">72403</subfield>
  </datafield>
  <datafield tag="700" ind1="1" ind2="2">
    <subfield code="a">Calder&#xF3;n Cabral, Natacha</subfield>
    <subfield code="t">Tambor y misterio al pi&#xE9; del guayacan</subfield>
    <subfield code="9">72404</subfield>
  </datafield>
  <datafield tag="700" ind1="1" ind2=" ">
    <subfield code="a">Marmolejo, Tania</subfield>
    <subfield code="e">ilu.</subfield>
    <subfield code="9">57579</subfield>
  </datafield>
  <datafield tag="952" ind1=" " ind2=" ">
    <subfield code="0">0</subfield>
    <subfield code="1">0</subfield>
    <subfield code="7">1</subfield>
    <subfield code="8">PD</subfield>
    <subfield code="a">PD</subfield>
    <subfield code="b">PD</subfield>
    <subfield code="c">CT</subfield>
    <subfield code="d">2014-06-27</subfield>
    <subfield code="i">LF1</subfield>
    <subfield code="l">0</subfield>
    <subfield code="o">xxxx xxxx</subfield>
    <subfield code="p">44393-10</subfield>
    <subfield code="r">2020-06-25</subfield>
    <subfield code="w">2020-06-25</subfield>
    <subfield code="y">LFPD</subfield>
    <subfield code="Z">No se presta</subfield>
  </datafield>
  <datafield tag="952" ind1=" " ind2=" ">
    <subfield code="0">0</subfield>
    <subfield code="1">1</subfield>
    <subfield code="7">1</subfield>
    <subfield code="8">PD</subfield>
    <subfield code="a">PD</subfield>
    <subfield code="b">PD</subfield>
    <subfield code="c">MI</subfield>
    <subfield code="d">2014-06-27</subfield>
    <subfield code="i">LF1</subfield>
    <subfield code="l">0</subfield>
    <subfield code="o">xxxx xxxx</subfield>
    <subfield code="p">44393-20</subfield>
    <subfield code="r">2020-06-25</subfield>
    <subfield code="w">2020-06-25</subfield>
    <subfield code="y">LFPD</subfield>
    <subfield code="Z">No se presta</subfield>
  </datafield>
  <datafield tag="999" ind1=" " ind2=" ">
    <subfield code="c">43882</subfield>
    <subfield code="d">43882</subfield>
  </datafield>
</record>
